Sítě malých a středních podniků
Malé a stredné podniky hľadajú také organizačné formy a formy spolupráce, ktoré im pomáhajú získať výhody veľkých podnikov, umožňujú im udržať si pozície a pomôžu zohrať i rozvojovú úlohu. Jednou z možností, ako zvyšovať konkurencieschopnosť malých a veľkých podnikov v globálnej ekonomike, je tvorba...
Salvato in:
| Autore principale: | |
|---|---|
| Natura: | Capitolo di libro |
| Lingua: | ceco |
| Soggetti: | |
| Tags: |
Nessun Tag, puoi essere il primo ad aggiungerne!!
|
MARC
| LEADER | 00000naa$a2200000$$$4500 | ||
|---|---|---|---|
| 001 | 0014820 | ||
| 005 | 20221207104953.8 | ||
| 041 | 0 | |a cze | |
| 044 | |a SK | ||
| 245 | 1 | 0 | |a Sítě malých a středních podniků |c aut. Jitka Srpová |
| 520 | |a Malé a stredné podniky hľadajú také organizačné formy a formy spolupráce, ktoré im pomáhajú získať výhody veľkých podnikov, umožňujú im udržať si pozície a pomôžu zohrať i rozvojovú úlohu. Jednou z možností, ako zvyšovať konkurencieschopnosť malých a veľkých podnikov v globálnej ekonomike, je tvorba podnikových sietí s rôznou tesnosťou vzájomného prepojenia. Sieťové organizačné štruktúry. Prednosti a nevýhody sieťovej organizačnej štruktúry. Princípy zakladania sietí podnikov. | ||
| 610 | 2 | 0 | |a podnik malý |
| 610 | 2 | 0 | |a podnik stredný |
| 610 | 2 | 0 | |a konkurencieschopnosť |
| 610 | 2 | 0 | |a štruktúra organizačná |
| 610 | 2 | 0 | |a siete obchodné |
| 610 | 2 | 0 | |a koordinácia |
| 610 | 2 | 0 | |a spolupráca podnikov |
| 100 | 1 | |a Srpová, Jitka | |